000 00293nam a2200121Ia 4500
008 190216s9999||||xx |||||||||||||| ||und||
100 _aVinod A
245 0 _aFinancial Accounting
260 _bCalicut University Central Co-Operative
_c2006
300 _a864
650 _aCommerce
942 _cBK
999 _c8229
_d8229